Decameró : versió catalana de 1429 : volum I / versió catalana de 1429 : volum I /
Descripción Física:
1 v. (173 pàg.) ; 17 cm
Colección:
Els Nostres Clàssics
; 8
Otros Autores:
Riba, Carles 1893-1959
Materias:
Fons Joan Junyer i Pascual (1909-1994)
; Prosa italiana -- S. XIV -- Traduccions catalanes
; Prosa catalana -- S. XV
Idioma:
Undetermined , Catalán , Italian
MARC
| LEADER | 00000nam a22000005i 4500 | ||
|---|---|---|---|
| 001 | 24778 | ||
| 003 | AGDB | ||
| 005 | 20260324181538.0 | ||
| 008 | 180709s1926 xx ||||| |||||||| ||und|c | ||
| 035 | |a (ES-BaCBU).b71879250 | ||
| 035 | |a 21676 | ||
| 040 | |a ES-BaURL |b cat |e rda |c ES-BaURL | ||
| 041 | |a cat |h ita | ||
| 100 | |a Boccaccio, Giovanni, |d 1313-1375 |9 72473 | ||
| 240 | |a Decamerone |l Català | ||
| 245 | 1 | 0 | |a Decameró : |b versió catalana de 1429 : volum I / |c Joan Boccaccio ; introducció de Carles Riba |
| 264 | 1 | |a Barcelona : |b Barcino , |c 1926 | |
| 300 | |a 1 v. (173 pàg.) ; |c 17 cm | ||
| 336 | |a text |b txt |2 rdacontent | ||
| 337 | |a sense mediació |b n |2 rdamedia | ||
| 338 | |a volum |b nc |2 rdacarrier | ||
| 490 | 0 | |a Els Nostres Clàssics ; |v 8 | |
| 500 | |a Trad. de: Decamerone | ||
| 500 | |a Prové del fons Joan Junyer i Pascual (1909-1994) | ||
| 500 | |a Conté: volum I | ||
| 650 | |a Fons Joan Junyer i Pascual (1909-1994) |9 72777 | ||
| 650 | 0 | |a Prosa italiana |y S. XIV |x Traduccions catalanes |9 72666 | |
| 650 | 0 | |a Prosa catalana |y S. XV |9 72667 | |
| 700 | 1 | |a Riba, Carles |d 1893-1959 |9 27494 |e escriptor d'un pròleg | |
| 907 | |a .b71879250 |b 23-01-21 |c 10-07-18 |d 10-07-18 |e m |f a |g - |h und |i xx |j 0 |k 1 | ||
| 908 | |a URL | ||
| 942 | |2 udc |c ARXIU |n 1 | ||
| 952 | |0 0 |1 0 |4 0 |6 F504136 |7 1 |9 98556 |a Arxiu |b Arxiu |d 2025-10-23 |l 0 |o F-504-136 |p 24778 |r 2025-10-23 12:44:35 |w 2025-10-23 |y ARXIU | ||
| 999 | |c 130307 |d 130307 | ||